[Event "CZE-ch Youth B16 2022"]
[Site "Luhacovice"]
[Date "2022.03.12"]
[Round "1.1"]
[White "Smolik, Jachym"]
[Black "Zezula, Jakub"]
[Result "1-0"]
[WhiteElo "2277"]
[BlackElo "1891"]
[Annotator "TA"]
[PlyCount "65"]
[EventDate "2022.03.12"]
[EventType "swiss"]
[EventCountry "CZE"]
[SourceTitle "playchess.com"]
[Source "ChessBase"]
[SourceQuality "1"]

{[%evp 9,65,15,21,19,16,8,20,28,21,23,34,0,5,0,99,98,83,76,125,114,123,125,125,149,134,135,110,97,107,75,77,66,141,111,281,272,307,254,606,601,636,380,390,374,800,558,658,669,810,675,588,565,756,744,1506,1432,1126,1110]} 1. d4 Nf6 2. c4 e6 3. Nf3 d5 4. Nc3 dxc4 5. e4 Bb4 6. Bxc4 {D24: Queen's Gambit Accepted: 3 Nf3 Nf6 4 Nc3.} Nxe4 7. O-O Nf6 8. Qa4+ {[%mdl 1024] White has compensation. The position is equal.} Nc6 9. Ne5 Rb8 ({Don't play} 9... Bd7 10. Nxc6 Bxc3 11. Nxd8 $16) 10. Bb5 (10. d5 $5 exd5 11. Nxc6 bxc6 12. Nxd5 $1 Nxd5 13. Qxc6+ Qd7 14. Bxd5 $14) 10... Bd7 (10... O-O $5 {[%cal Rd8d4]}) 11. Bg5 {[#]} a6 $146 (11... Be7 $1 $11) ({Predecessor:} 11... Bxc3 12. bxc3 Nxe5 13. dxe5 Bxb5 14. Qxb5+ Qd7 15. Qe2 Nd5 16. c4 h6 17. Qh5 Nc3 {0-1 (41) Wu,D (2032)-Bodek,M (2395) Greensboro 2019}) 12. Bxc6 $16 bxc6 13. Ne4 $36 {[%mdl 2048] Prevents c5. Hoping for Rfd1. Keeping Black busy. Pair of Knights!} ({Much weaker is} 13. Nxc6 $6 O-O 14. Qxa6 Bxc6 15. Qxc6 Qxd4 $11) 13... Be7 {[#]} (13... h6 $142 14. Bxf6 (14. Nxd7 Kxd7 15. Bxf6 gxf6 $16) 14... gxf6) 14. Nc5 $1 {White is much more active.} Bxc5 15. dxc5 h6 16. Bxf6 gxf6 17. Nxd7 Qxd7 18. Rad1 Qc8 19. Qxc6+ Ke7 20. Qf3 {Strongly threatening c6.} c6 (20... Rxb2 $2 21. c6 Rb4 22. Qc3 $18) ({Black should try} 20... Rb5 $14) 21. b3 Qc7 $2 {[#] Black cannot hold the game after this.} (21... Rb5 $16) 22. Rd6 $1 $18 Rbc8 23. Rfd1 Rhd8 $2 (23... a5 24. Qg4 Rhg8) 24. Qd3 a5 25. Qd4 {aiming for f4.} Rb8 26. h3 Rbc8 $2 (26... Qc8 27. Qd2 h5 28. Qxa5 Rxd6 29. cxd6+ Kd7 30. Qxh5 Qf8) 27. Rd3 {White is clearly winning.} Rb8 28. Qf4 Rb4 29. Qd2 {[%cal Rd6d8]} Rbb8 30. Qxh6 a4 31. Qd2 {Inhibits Qa5. Rxd8 is the strong threat.} axb3 32. axb3 {Black must now prevent Rxd8.} Ra8 33. g3 {Weighted Error Value: White=0.30/Black=0.62} 1-0

[Event "CZE-ch Youth B16 2022"]
[Site "Luhacovice"]
[Date "2022.03.12"]
[Round "1.2"]
[White "Pelc, Adam"]
[Black "Soucek, Petr"]
[Result "0-1"]
[WhiteElo "1811"]
[BlackElo "2194"]
[Annotator "TA"]
[PlyCount "200"]
[EventDate "2022.03.12"]
[EventType "swiss"]
[EventCountry "CZE"]
[SourceTitle "playchess.com"]
[Source "ChessBase"]
[SourceQuality "1"]

{[%evp 15,200,-22,25,0,0,-3,-5,0,0,0,27,0,0,-72,-60,-75,-48,-64,-67,-64,-66,-70,-40,-54,-49,-75,-60,-87,-73,-79,-64,-95,-99,-150,-93,-90,-97,-229,-187,-187,-202,-205,-197,-225,-165,-167,-164,-165,-150,-150,-150,-150,-150,-150,-150,-150,0,-150,-121,-116,-85,-133,-106,-150,-58,-126,-84,-84,-84,-84,-84,-84,-19,-84,-84,-85,-50,-50,0,-16,0,0,0,0,0,0,-1,-43,0,-19,-1,-12,-18,-14,-13,-13,-35,-356,-13,-13,0,-13,-13,-13,-20,-27,-20,-27,-46,-372,-204,-204,-204,-184,-184,-188,-63,-63,-63,-65,-65,-66,-8,-12,-8,-8,0,-8,0,-70,-8,-70,-70,-153,-138,-153,0,0,0,0,0,0,0,-153,-153,-153,-72,-72,-72,-72,-72,-72,-69,-69,-72,-72,0,-73,-73,-133,-133,-133,-133,-133,-133,-133,-133,-133,-133,-29976,-29977,-29980,-29981,-29981,-29982,-29981,-29982,-29984,-29985,-29986,-29987,-29987,-29988,-29988,-29989,-29993,-5612]} 1. e4 e5 2. Nf3 Nc6 3. Bb5 a6 4. Bxc6 dxc6 5. O-O Bg4 6. h3 h5 7. d3 Qf6 8. Nbd2 {[#]} g5 $1 9. Nc4 {C68: Ruy Lopez: Exchange Variation, sidelines.} (9. b4 {feels hotter.} Ne7 10. Bb2 Bxf3 11. Qxf3 Qe6 12. Nc4) (9. b3 Bxf3) 9... Bxf3 10. Qxf3 Qxf3 11. gxf3 {The position is equal.} f6 12. Be3 O-O-O 13. Rad1 (13. h4 $5) 13... Rh7 {[#]} 14. Rd2 $146 (14. h4 $11) ({Predecessor:} 14. Bc1 Rhd7 15. Ne3 Nh6 16. Kh2 Bc5 17. b3 Bxe3 18. Bxe3 h4 19. Rd2 Ng8 20. Rfd1 Ne7 21. c3 Ng6 22. d4 Nf4 {½-½ (22) Potter,K (1911)-Frith,S (1683) Sunningdale 2014}) 14... b5 $17 15. Na3 Rhd7 16. Rfd1 Ne7 17. c3 Ng6 18. Nc2 Bd6 (18... Nh4 $5 {[%cal Rh4f3]} 19. Ne1 f5 20. exf5 Nxf5 $15) 19. Ne1 c5 20. Ng2 Be7 21. a3 Rf8 22. b4 cxb4 23. cxb4 Kb7 {[%cal Oa6a5]} 24. Rc2 (24. Ne1 $142) 24... a5 (24... Ra8 $142 25. Rdc1 a5) 25. bxa5 Ra8 26. Rdc1 (26. Rb1 $17 Rxa5 27. Bd2 Rxa3 28. Rxb5+ Kc8 29. Ne1) 26... Rxa5 27. Bc5 Ra6 28. Bxe7 Nxe7 {[%cal Bg6e7,Be7c6,Bc6d4][%mdl 32]} 29. Rc3 Nc6 30. Ne3 Nd4 31. Kf1 {Prevents Ne2.} c6 {To avoid Nd5} (31... Nxf3 32. Nd5 $11) 32. Nc2 Nxc2 {Black is much more active.} (32... Nxf3 33. Nb4 Nd4 34. Nxa6 Kxa6 35. Kg2 $15) 33. R1xc2 {[%mdl 4096] Endgame KRR-KRR} Rd4 34. Rb3 Kb6 35. Rbc3 Kb7 36. Rb3 $1 Ra8 37. Rbc3 Rc8 38. Ke2 (38. h4 $142) 38... Ra4 39. Ke3 (39. h4 $142) 39... Kb6 (39... h4 $17 40. Rc1 Ra6) 40. Rb3 (40. Rc1 $15) 40... c5 (40... Ra5 $142 41. Rbc3 Ra7) 41. Rcb2 Ra5 42. Rc3 Rc6 43. Rb1 Rd6 (43... h4 $17) 44. Rcb3 (44. Rbc1 $11) 44... Rd4 45. Rc1 b4 46. axb4 cxb4 {Hoping for ...Ra3.} 47. Rc8 $1 Ra6 48. Rb8+ Kc5 49. Rb2 Rb6 50. Rc8+ Kb5 51. Rc7 (51. Ke2 $11 {is superior.}) 51... h4 (51... Rdd6 $15 {deserves consideration.}) 52. Rb1 Rb8 53. Rf7 Rd6 54. Rb2 Rc6 55. Kd2 Rbb6 56. Rd7 $2 {[%mdl 8192]} (56. Ra7 $1 $15) 56... Rc3 $2 (56... Ka4 $1 $19 {[%cal Ra4a3]} 57. Ra7+ Ra6) 57. Ra7 $11 Rcc6 58. Ra8 Ra6 59. Rb8+ Rcb6 60. Rc8 Ra1 61. Rc4 Ka4 {aiming for ...Ka3.} 62. Kc2 $2 {[%mdl 8192]} (62. Rc7 $15 Rh1 63. Ra7+ Kb5 64. Ke2) 62... Rh1 (62... Rb8 $142 {White must now prevent ...Rb6.} 63. d4 exd4 64. Rxd4 Ra3) 63. Ra2+ $19 Kb5 64. Rb2 Ka6 65. Kd2 Rxh3 ({Black should play} 65... Ka5 $1 $19 {Threatens to win with ...b3.} 66. Rc5+ Ka4 67. Ra2+ Kb3) 66. Ke2 $1 $15 Rh1 67. Rcxb4 Rxb4 68. Rxb4 {KR-KR} Rc1 (68... Ka7 $1 $15) 69. Rb8 $1 $11 Ka7 70. Rh8 Kb7 71. Rh6 Rc6 72. Kf1 ({Better is} 72. Ke3 $11) 72... Kc7 (72... Kb6 $1 $15) 73. Kg2 (73. Ke2 $1 $11) 73... Kd7 $15 74. f4 (74. Rh7+ $15 Ke6 75. Rb7) 74... exf4 $17 75. d4 Ke7 $2 ({Black should try} 75... Re6 $1 $17 {[%cal Re6e4]} 76. Kh3 Kd6) 76. e5 $11 Re6 (76... Kf7 $5 77. d5 Ra6 78. e6+ Ke7 $11) 77. Rh7+ Kf8 {...Kg8 is the strong threat.} 78. exf6 $1 Rxf6 79. Ra7 $2 (79. Kf3 $1 $11) 79... g4 $1 $17 {[%cal Bg5g4,Bg4g3][%mdl 32]} 80. f3 h3+ (80... g3 $142 $1 81. Rh7 Rd6) 81. Kh2 g3+ (81... gxf3 82. Ra3 $11) 82. Kxh3 Rh6+ 83. Kg2 Rh2+ 84. Kg1 Rf2 $1 85. Ra3 Ke7 86. Rd3 (86. d5 $1 $11) 86... Re2 87. d5 {[#]} (87. Rd1 $142) 87... Re3 $1 ({Of course not} 87... Kd6 $6 88. Rd4 $11) 88. Rd2 Rxf3 89. Kg2 Ra3 90. Kh3 Ra1 ({Not} 90... Kd6 91. Kg4 $15) 91. d6+ Kd7 {( -> ...Rh1+)} 92. Kg4 $2 {[%mdl 8192]} (92. Kg2 $17) 92... Rf1 {Black mates.} 93. Kh3 {[#]} Rh1+ $1 ({Weaker is} 93... Rf2 94. Rxf2 gxf2 95. Kg2 $11) 94. Kg4 Rh2 95. Rd1 Rf2 96. Kh3 g2 97. Re1 f3 98. Re7+ Kxd6 99. Rg7 Rf1 100. Kh2 Rh1+ {Weighted Error Value: White=0.26 (precise) /Black=0.32} 0-1

[Event "CZE-ch Youth B16 2022"]
[Site "Luhacovice"]
[Date "2022.03.12"]
[Round "1.3"]
[White "Winter, Ondrej"]
[Black "Stejskal, Michal"]
[Result "1-0"]
[WhiteElo "2147"]
[BlackElo "1857"]
[Annotator "ChessBase"]
[PlyCount "93"]
[EventDate "2022.03.12"]
[EventType "swiss"]
[EventCountry "CZE"]
[SourceTitle "playchess.com"]
[Source "ChessBase"]
[SourceQuality "1"]
[TimeControl "40/5400+30:1800+30"]

1. e4 {[%emt 0:00:48]} c5 {[%emt 0:00:10]} 2. Nf3 {[%emt 0:00:06]} Nc6 {[%emt 0:00:03]} 3. Bb5 {[%emt 0:00:06]} g6 {[%emt 0:00:30]} 4. Bxc6 {[%emt 0:00:30]} dxc6 {[%emt 0:00:30]} 5. d3 {[%emt 0:00:30]} Bg7 {[%emt 0:00:30]} 6. O-O {[%emt 0:00:30]} Nf6 {[%emt 0:01:26]} 7. h3 {[%emt 0:00:00]} Nd7 {[%emt 0:00:30]} 8. Nc3 {[%emt 0:00:18]} e5 {[%emt 0:00:30]} 9. Nh2 {[%emt 0:00:30]} Nf8 {[%emt 0:00:30]} 10. f4 {[%emt 0:00:30]} exf4 {[%emt 0:05:43]} 11. Bxf4 {[%emt 0:05:25]} Ne6 {[%emt 0:00:36]} 12. Bd2 {[%emt 0:03:20]} Nd4 {[%emt 0:07:14]} 13. Kh1 {[%emt 0:11:43]} O-O {[%emt 0:07:10]} 14. Be3 {[%emt 0:09:26]} b6 {[%emt 0:15:35]} 15. Qd2 {[%emt 0:01:31]} Be6 {[%emt 0:07:26]} 16. Rad1 {[%emt 0:05:12]} Qe7 {[%emt 0:07:05]} 17. b3 {[%emt 0:07:12]} Rad8 {[%emt 0:05:02]} 18. Rf2 {[%emt 0:07:04]} b5 {[%emt 0:08:48]} 19. Bh6 {[%emt 0:12:09]} c4 {[%emt 0:01:49]} 20. Bxg7 {[%emt 0:02:46]} Kxg7 {[%emt 0:00:07]} 21. Ne2 {[%emt 0:01:40]} Nxe2 {[%emt 0:02:38]} 22. Qxe2 {[%emt 0:02:38]} cxd3 {[%emt 0:01:29]} 23. cxd3 {[%emt 0:00:45]} Rd7 {[%emt 0:03:30]} 24. Qb2+ {[%emt 0:00:58]} f6 {[%emt 0:01:07]} 25. Nf3 {[%emt 0:04:41]} Rfd8 {[%emt 0:03:24]} 26. d4 {[%emt 0:06:27]} Kg8 {[%emt 0:01:03]} 27. Rc1 {[%emt 0:00:30]} Rc7 {[%emt 0:00:31]} 28. Rc5 {[%emt 0:02:19]} f5 {[%emt 0:01:39]} 29. e5 {[%emt 0:06:27]} Bd5 {[%emt 0:01:05]} 30. Qc3 {[%emt 0:00:36]} h6 {[%emt 0:05:36]} 31. Kh2 {[%emt 0:02:40]} a6 {[%emt 0:02:51]} 32. Qe3 {[%emt 0:01:23]} Kh7 {[%emt 0:00:34]} 33. Ne1 {[%emt 0:00:50]} Be6 {[%emt 0:00:40]} 34. Nd3 {[%emt 0:02:27]} Qd7 {[%emt 0:02:12]} 35. Nf4 {[%emt 0:00:26]} g5 {[%emt 0:01:32]} 36. Nxe6 {[%emt 0:01:30]} Qxe6 {[%emt 0:00:04]} 37. Qd3 {[%emt 0:00:06]} Kg6 {[%emt 0:01:14]} 38. g4 {[%emt 0:00:17]} Rf8 {[%emt 0:01:01]} 39. Kg1 {[%emt 0:01:16]} h5 {[%emt 0:00:51]} 40. Qc2 {[%emt 0:00:21]} hxg4 {[%emt 0:00:55]} 41. hxg4 {[%emt 0:30:01]} Rcc8 {[%emt 0:31:39]} 42. Kf1 {[%emt 0:01:34]} Qd7 {[%emt 0:01:05]} 43. gxf5+ {[%emt 0:01:05]} Rxf5 {[%emt 0:00:08]} 44. Qe4 {[%emt 0:00:11]} Qe6 {[%emt 0:00:56]} 45. Kg2 {[%emt 0:00:00]} g4 {[%emt 0:00:00]} 46. Kg3 {[%emt 0:00:00]} Rc7 {[%emt 0:00:00]} 47. Kxg4 {[%emt 0:00:00]} 1-0

[Event "CZE-ch Youth B16 2022"]
[Site "Luhacovice"]
[Date "2022.03.12"]
[Round "1.4"]
[White "Mametev, Artem"]
[Black "Hak, David"]
[Result "1-0"]
[WhiteElo "1848"]
[BlackElo "2132"]
[Annotator "ChessBase"]
[PlyCount "73"]
[EventDate "2022.03.12"]
[EventType "swiss"]
[EventCountry "CZE"]
[SourceTitle "playchess.com"]
[Source "ChessBase"]
[SourceQuality "1"]
[TimeControl "40/5400+30:1800+30"]

1. e4 {[%emt 0:00:03]} e6 {[%emt 0:00:03]} 2. d4 {[%emt 0:00:03]} d5 {[%emt 0:00:03]} 3. Nd2 {[%emt 0:00:05]} Nf6 {[%emt 0:00:04]} 4. e5 {[%emt 0:00:07]} Nfd7 {[%emt 0:00:08]} 5. Bd3 {[%emt 0:00:07]} c5 {[%emt 0:00:04]} 6. c3 {[%emt 0:00:05]} Nc6 {[%emt 0:00:19]} 7. Ne2 {[%emt 0:00:07]} cxd4 {[%emt 0:00:10]} 8. cxd4 {[%emt 0:00:07]} f6 {[%emt 0:00:11]} 9. exf6 {[%emt 0:00:14]} Nxf6 {[%emt 0:00:07]} 10. Nf3 {[%emt 0:00:51]} Bd6 {[%emt 0:00:38]} 11. O-O {[%emt 0:03:19]} Qc7 {[%emt 0:00:25]} 12. h3 {[%emt 0:01:52]} O-O {[%emt 0:00:27]} 13. Be3 {[%emt 0:00:27]} Bd7 {[%emt 0:06:56]} 14. Rc1 {[%emt 0:03:36]} Rae8 {[%emt 0:01:59]} 15. Re1 {[%emt 0:01:15]} a6 {[%emt 0:06:21]} 16. a3 {[%emt 0:01:16]} Qb8 {[%emt 0:07:18]} 17. b4 {[%emt 0:18:29]} a5 {[%emt 0:26:28]} 18. b5 {[%emt 0:15:19]} Ne7 {[%emt 0:02:06]} 19. Qa4 {[%emt 0:09:38]} b6 {[%emt 0:02:11]} 20. Ne5 {[%emt 0:04:05]} Bxe5 {[%emt 0:09:34]} 21. dxe5 {[%emt 0:10:42]} Ne4 {[%emt 0:02:55]} 22. Red1 Nc5 {[%emt 0:00:01]} 23. Bxc5 {[%emt 0:03:29]} bxc5 {[%emt 0:00:22]} 24. Rxc5 {[%emt 0:02:01]} Qxe5 25. Qd4 {[%emt 0:01:40]} Qxd4 {[%emt 0:01:25]} 26. Nxd4 {[%emt 0:01:04]} e5 27. Rc7 {[%emt 0:01:40]} Rd8 {[%emt 0:10:36]} 28. Nc6 {[%emt 0:00:30]} Nxc6 {[%emt 0:00:39]} 29. bxc6 {[%emt 0:03:25]} Bc8 {[%emt 0:04:41]} 30. Re7 {[%emt 0:03:23]} e4 {[%emt 0:09:57]} 31. Bb5 {[%emt 0:04:34]} Rd6 {[%emt 0:08:11]} 32. Bc4 {[%emt 0:01:00]} Rfd8 {[%emt 0:00:28]} 33. Rxd5 {[%emt 0:00:07]} Rxd5 34. Bxd5+ {[%emt 0:00:07]} Rxd5 {[%emt 0:00:49]} 35. Re8+ {[%emt 0:00:09]} Kf7 {[%emt 0:00:23]} 36. Rxc8 {[%emt 0:00:35]} Rc5 37. c7 1-0

[Event "CZE-ch Youth B16 2022"]
[Site "Luhacovice"]
[Date "2022.03.12"]
[Round "1.5"]
[White "Paseka, Matyas"]
[Black "Vilimek, Vit"]
[Result "1-0"]
[WhiteElo "2058"]
[BlackElo "1794"]
[Annotator "ChessBase"]
[PlyCount "67"]
[EventDate "2022.03.12"]
[EventType "swiss"]
[EventCountry "CZE"]
[SourceTitle "playchess.com"]
[Source "ChessBase"]
[SourceQuality "1"]
[TimeControl "40/5400+30:1800+30"]

1. e4 {[%emt 0:00:02]} c5 {[%emt 0:00:01]} 2. Nf3 {[%emt 0:00:10]} Nc6 {[%emt 0:00:05]} 3. d4 {[%emt 0:00:06]} cxd4 {[%emt 0:00:08]} 4. Nxd4 {[%emt 0:00:06]} Nf6 {[%emt 0:00:06]} 5. Nc3 {[%emt 0:00:07]} e5 {[%emt 0:00:02]} 6. Ndb5 {[%emt 0:00:07]} d6 {[%emt 0:00:10]} 7. Bg5 {[%emt 0:00:09]} a6 {[%emt 0:00:03]} 8. Na3 {[%emt 0:00:09]} b5 {[%emt 0:00:03]} 9. Nd5 {[%emt 0:00:07]} Be7 {[%emt 0:00:04]} 10. Bxf6 {[%emt 0:00:09]} Bxf6 {[%emt 0:00:02]} 11. c3 {[%emt 0:00:08]} Bg5 {[%emt 0:00:35]} 12. Nc2 {[%emt 0:00:15]} O-O {[%emt 0:00:08]} 13. a4 {[%emt 0:00:08]} bxa4 {[%emt 0:00:01]} 14. Rxa4 {[%emt 0:00:09]} a5 {[%emt 0:00:04]} 15. Bc4 {[%emt 0:00:27]} Kh8 {[%emt 0:00:08]} 16. Nce3 {[%emt 0:00:24]} Bd7 {[%emt 0:00:47]} 17. Ra2 {[%emt 0:06:54]} Ra7 {[%emt 0:05:49]} 18. b3 {[%emt 0:06:54]} Be6 {[%emt 0:04:24]} 19. Qd3 {[%emt 0:10:04]} g6 {[%emt 0:05:00]} 20. h4 {[%emt 0:02:04]} Bxh4 {[%emt 0:01:13]} 21. g3 {[%emt 0:00:10]} Bg5 {[%emt 0:00:57]} 22. f4 {[%emt 0:00:50]} exf4 {[%emt 0:01:56]} 23. gxf4 {[%emt 0:00:19]} Bh4+ {[%emt 0:01:33]} 24. Kd1 {[%emt 0:00:18]} f5 {[%emt 0:03:11]} 25. Bb5 {[%emt 0:08:24]} Nb8 {[%emt 0:08:32]} 26. Rah2 {[%emt 0:04:44]} Bf6 {[%emt 0:17:15]} 27. exf5 {[%emt 0:00:47]} Bg8 {[%emt 0:01:18]} 28. fxg6 {[%emt 0:00:42]} Rg7 {[%emt 0:14:59]} 29. Nf5 {[%emt 0:05:14]} Rxg6 {[%emt 0:02:32]} 30. Nfe7 {[%emt 0:00:11]} Kg7 {[%emt 0:13:27]} 31. Rxh7+ {[%emt 0:00:26]} Bxh7 {[%emt 0:01:16]} 32. Rxh7+ {[%emt 0:00:05]} Kxh7 {[%emt 0:01:17]} 33. Qxg6+ {[%emt 0:00:05]} Kh8 {[%emt 0:00:05]} 34. Qh6# {[%emt 0:00:04]} 1-0

[Event "CZE-ch Youth B16 2022"]
[Site "Luhacovice"]
[Date "2022.03.12"]
[Round "1.6"]
[White "Mrazek, Roman"]
[Black "Janous, Marek"]
[Result "0-1"]
[WhiteElo "1820"]
[BlackElo "2056"]
[Annotator "ChessBase"]
[PlyCount "90"]
[EventDate "2022.03.12"]
[EventType "swiss"]
[EventCountry "CZE"]
[SourceTitle "playchess.com"]
[Source "ChessBase"]
[SourceQuality "1"]
[TimeControl "40/5400+30:1800+30"]

1. e4 {[%emt 0:00:06]} c5 {[%emt 0:00:28]} 2. Nf3 {[%emt 0:00:13]} d6 {[%emt 0:00:16]} 3. d4 {[%emt 0:00:25]} cxd4 {[%emt 0:00:10]} 4. Nxd4 {[%emt 0:00:12]} Nf6 {[%emt 0:00:25]} 5. Nc3 {[%emt 0:00:07]} a6 {[%emt 0:00:03]} 6. Be3 {[%emt 0:00:41]} e5 {[%emt 0:01:26]} 7. Nb3 {[%emt 0:00:21]} Be7 {[%emt 0:01:27]} 8. f3 {[%emt 0:00:46]} Be6 {[%emt 0:00:43]} 9. Qd2 {[%emt 0:01:11]} O-O {[%emt 0:00:35]} 10. O-O-O {[%emt 0:01:11]} Nbd7 {[%emt 0:00:08]} 11. g4 {[%emt 0:00:49]} b5 {[%emt 0:00:10]} 12. g5 {[%emt 0:01:06]} b4 {[%emt 0:00:25]} 13. Na4 {[%emt 0:06:43]} Nh5 {[%emt 0:02:58]} 14. Kb1 {[%emt 0:02:05]} a5 {[%emt 0:05:33]} 15. Rg1 {[%emt 0:14:33]} Qc7 {[%emt 0:03:29]} 16. Bb5 {[%emt 0:11:58]} Rfb8 {[%emt 0:10:09]} 17. c4 {[%emt 0:25:46]} Bxc4 {[%emt 0:33:42]} 18. Bxd7 {[%emt 0:02:21]} Qxd7 {[%emt 0:00:34]} 19. Nb6 {[%emt 0:02:48]} Rxb6 {[%emt 0:00:09]} 20. Bxb6 {[%emt 0:00:09]} Qb5 {[%emt 0:00:29]} 21. Be3 {[%emt 0:01:40]} Be2 {[%emt 0:03:36]} 22. Qd5 {[%emt 0:03:42]} Qa6 {[%emt 0:13:32]} 23. Rc1 {[%emt 0:04:53]} a4 {[%emt 0:02:51]} 24. Nd2 {[%emt 0:00:46]} b3 {[%emt 0:02:30]} 25. Rc6 {[%emt 0:05:49]} Qd3+ {[%emt 0:08:39]} 26. Qxd3 {[%emt 0:01:13]} Bxd3+ {[%emt 0:00:01]} 27. Ka1 {[%emt 0:00:34]} f5 {[%emt 0:02:18]} 28. exf5 {[%emt 0:04:12]} Bxf5 {[%emt 0:00:28]} 29. Nc4 {[%emt 0:01:03]} Rd8 {[%emt 0:01:48]} 30. Rd1 {[%emt 0:00:50]} Bc2 {[%emt 0:00:28]} 31. Rd2 {[%emt 0:01:39]} Rf8 {[%emt 0:00:35]} 32. Rf2 {[%emt 0:01:08]} Nf4 {[%emt 0:01:05]} 33. Nxd6 {[%emt 0:04:16]} Nd3 {[%emt 0:00:10]} 34. Rf1 {[%emt 0:00:35]} Nb4 {[%emt 0:00:09]} 35. Rb6 {[%emt 0:00:38]} Nd5 {[%emt 0:00:07]} 36. Nc4 {[%emt 0:00:35]} Nxb6 {[%emt 0:02:00]} 37. Nxb6 {[%emt 0:00:05]} e4 {[%emt 0:01:51]} 38. f4 {[%emt 0:00:02]} Bxg5 {[%emt 0:00:35]} 39. Nxa4 {[%emt 0:00:40]} Bf6 {[%emt 0:00:29]} 40. axb3 {[%emt 0:01:43]} Bxb3 {[%emt 0:02:26]} 41. Nb6 {[%emt 0:30:01]} Rd8 {[%emt 0:31:05]} 42. Kb1 {[%emt 0:00:00]} Bd4 {[%emt 0:00:00]} 43. Bxd4 {[%emt 0:00:00]} Rxd4 {[%emt 0:00:00]} 44. Re1 {[%emt 0:00:00]} e3 {[%emt 0:00:00]} 45. Na4 {[%emt 0:00:00]} e2 {[%emt 0:00:00]} 0-1

[Event "CZE-ch Youth B16 2022"]
[Site "Luhacovice"]
[Date "2022.03.12"]
[Round "1.7"]
[White "Vaclavik, Jan"]
[Black "Kubiczek, Michal"]
[Result "1/2-1/2"]
[WhiteElo "1997"]
[BlackElo "1720"]
[Annotator "TA"]
[PlyCount "151"]
[EventDate "2022.03.12"]
[EventType "swiss"]
[EventCountry "CZE"]
[SourceTitle "playchess.com"]
[Source "ChessBase"]
[SourceQuality "1"]

{[%evp 18,151,-58,-77,-74,-81,45,-75,15,15,11,0,30,29,36,0,0,0,1,-5,0,-9,-6,-36,-13,-41,-16,-33,-12,-24,-10,-10,0,-8,0,-12,-6,-16,0,-16,-16,-45,-45,-63,-63,-59,-57,-159,-64,-62,0,-154,-157,-189,-203,-221,-35,-44,0,0,-14,-27,-27,-316,-326,-607,-599,-1348,-1258,-29988,-29989,-29989,-234,-234,-234,-234,-234,-234,-227,-484,-489,-376,-337,-1022,-941,-447,-171,-169,-153,-275,-140,-153,-126,-210,-140,-140,-140,-140,-140,-140,-140,-140,-140,-140,-140,-140,-140,-140,-140,-140,-145,-145,-145,-145,-145,-145,-145,-145,-145,-145,-145,-193,-193,-193,-193,-193,-193,-193,-193,-193,-193,-193,-193,-193,-162,-170]} 1. e4 e5 2. Nf3 Nc6 3. d4 exd4 4. Bc4 Nf6 5. e5 d5 6. Bb5 Ne4 7. Nxd4 Bc5 8. c3 O-O 9. Bxc6 bxc6 10. O-O Re8 {C54: Giuoco Piano: 4 c3 Nf6, main lines with 5 d4 and 5 d3.} 11. Be3 {[#]} Qh4 $146 ({Don't play} 11... Rxe5 12. Nxc6 Qf6 13. Nxe5 Bxe3 14. fxe3 $16 (14. Qxd5 $2 {gets mated.} Bxf2+ 15. Kh1 Ng3+ 16. hxg3 Qh6#)) ({Better is} 11... Bd7 $17 12. Nd2 Rxe5) ({Predecessor:} 11... Bd7 12. f3 Nd6 13. f4 f6 14. Kh1 Bb6 15. Qh5 Nc4 16. Bf2 fxe5 17. Bh4 Qc8 18. fxe5 Nxe5 19. h3 Bxh3 {0-1 (34) Alattar,G (1944)-Soyunlu,N (2078) Sharjah 2018}) 12. Qc1 (12. f3 $14 {keeps the upper hand.}) 12... Bxd4 (12... Rxe5 $2 13. Nf3 Bxe3 14. Qxe3 $16) (12... Bb6 $1 $17) 13. cxd4 $11 {And now f3 would win.} c5 14. Nc3 Nxc3 (14... cxd4 {with more complications.} 15. Bxd4 Ng5 16. Qe3 c6 17. f4 Ne6) 15. Qxc3 c4 16. Qa5 Qd8 17. b3 Bf5 18. Rac1 Bd3 19. Rfd1 c6 20. Qd2 Qd7 21. Rc3 Qf5 22. Kh1 Re6 23. Rg1 Rg6 24. f3 h5 25. Qf2 Rb8 26. Rgc1 a6 27. Rg1 Kh7 28. Qe1 Re8 29. Qf2 f6 30. exf6 Rxf6 31. Rcc1 Rfe6 32. Rce1 (32. Rge1 $15) 32... Qf6 (32... c3 $17 {Hoping for ...Qf6.} 33. Bc1 Re2) 33. Qd2 $15 Qg6 (33... Qf7 $15) 34. Qf2 $2 (34. bxc4 $11 Bxc4 35. a4) 34... c3 $17 35. Bf4 Re2 36. Qh4 Rxe1 $2 ({Black should try} 36... Rxa2 $19 {Threatens to win with ...Rb2.} 37. Rxe8 Qxe8) 37. Rxe1 $15 Re2 $40 {[%mdl 128] Black attacks.} 38. Rxe2 Bxe2 {[%cal Bd3e2,Be2f3,Bf3e4][%mdl 32]} 39. Qe1 {Prevents Qb1.} Qd3 {[%cal Oe2f3]} 40. Qg1 $2 {[%mdl 8192]} (40. Bg5 $11) 40... Bxf3 $19 41. Bc1 $2 (41. h3) 41... Be4 42. Be3 c2 {[%cal Oc6c5]} 43. Qe1 Qd1 44. Qg1 Qb1 $2 (44... c5 {mates} 45. Bg5 cxd4 46. h3 d3 47. Kh2 d2 48. Qf2 c1=Q 49. Be3 Qf1 50. Qxf1 Qxf1 51. Kg3 Qxg2+ 52. Kh4 d1=Q 53. b4 Qgg4+ $3 {[%mdl 512]} 54. hxg4 Qxg4#) 45. Bc1 Qxa2 46. Qe3 Qa5 47. Kg1 Qd8 48. Qg5 $2 (48. b4) 48... Qxg5 49. Bxg5 {[%mdl 4096] Endgame KB-KB} Kg6 50. Bc1 (50. h4) 50... Kf5 51. Kf2 {[#]} Ke6 $2 (51... Bxg2 $1 {[%cal Og7g5][%mdl 512] White must now prevent ...g5!} 52. h4 Ke4 $1) 52. b4 Kd7 {[%cal Oc6c5] aiming for ...c5!} 53. g3 {[#]} (53. Bf4 $17 {was called for.}) 53... Ke6 (53... c5 $1 $19 {[%cal Rc5b4]} 54. bxc5 Kc6) 54. h4 Kf5 55. Bf4 (55. Ke2 $17) 55... Bd3 {Strongly threatening ...Ke4. Black is clearly better.} 56. Kf3 g6 57. Bg5 Ke6 58. Kf2 Kd7 {[%cal Oc6c5]} 59. Ke1 Kc7 60. Kd2 Bf5 61. Kc3 Kb6 62. Bf4 Kb5 63. Bg5 Ka4 {...Ka3 is the strong threat.} 64. Bc1 Be4 65. Bb2 a5 66. bxa5 Kxa5 67. Bc1 Kb5 68. Ba3 {Prevents c5.} Bf5 69. Kb3 (69. Kb2 $17) 69... c5 70. dxc5 d4 {[%cal Bd5d4,Bd4d3][%mdl 32]} 71. c6 Kxc6 72. Kc4 d3 {( -> ...d2)} 73. Bc1 Kd6 74. Kd4 Ke6 75. Bf4 Kf6 76. Bg5+ {Weighted Error Value: White=0.76/Black=0.39} 1/2-1/2